Boletín General Nº 2
Wedi'i Gadw mewn:
| Awdur Corfforaethol: | |
|---|---|
| Fformat: | Llyfr |
| Iaith: | Sbaeneg |
| Cyhoeddwyd: |
Valparaíso
Colegio Rubén Castro
1965
|
| Rhifyn: | 1a. ed |
| Pynciau: | |
| Tagiau: |
Ychwanegu Tag
Dim Tagiau, Byddwch y cyntaf i dagio'r cofnod hwn!
|
MARC
| LEADER | 00000nam a2200000 a 4500 | ||
|---|---|---|---|
| 001 | UCJ7738 | ||
| 003 | CL-VaPUC | ||
| 008 | 070124e19650700CL |||||||||||||||||spa|d | ||
| 082 | 0 | 4 | |a 378 |b COL |2 21 |
| 110 | 2 | |a Colegio Experimental Rubén Castro |e author |9 516199 | |
| 245 | 1 | 0 | |a Boletín General Nº 2 |
| 250 | |a 1a. ed | ||
| 300 | |a 63 p | ||
| 942 | |c BK | ||
| 945 | |d 20070124 00:00:00 |a rinostro | ||
| 260 | |a Valparaíso |b Colegio Rubén Castro |c 1965 | ||
| 500 | |a Aunque como Boletín, se trata de una publicación periódica, por haberse discontinuado y tratarse de un número suelto importante para la historia del Colegio Rubén Castro, se lo ha tratado como monografía | ||
| 650 | 7 | |a HISTORIA UCV |2 CL-VaPUC |9 516200 | |
| 650 | 0 | |a Archivo histórico PUCV |9 255554 | |
| 650 | 0 | |a Biografías |9 255210 | |
| 650 | 0 | |a Programas de estudios |9 341189 | |
| 583 | |a last modification |c 20170912 10:10:24 |k Rodrigo Vera | ||
| 999 | |c 323696 |d 323694 | ||
| 952 | |0 0 |1 0 |4 0 |6 378_000000000000000_COL_1965 |7 0 |8 X |9 403470 |a FDOBUD |b FDOBUD |d 2019-11-22 |i 1068156 |o 378 COL 1965 |p 1068156 |r 2019-11-22 |w 2019-11-22 |y BK_X |k BUD | ||